| 000 | 03261cam a22003135a 4500 | ||
|---|---|---|---|
| 001 | L145377 | ||
| 002 | 17603 | ||
| 008 | 090226s2008 xxk f 001 0 eng d | ||
| 020 | _a9780203961810 | ||
| 035 | _a(Sirsi) u145377 | ||
| 041 | 0 | _aeng | |
| 100 | 1 | _aScarrett, Douglas | |
| 245 | 0 | 0 |
_aProperty valuation _bthe five methods _h[electronic resource] |
| 250 | _a2nd ed. | ||
| 260 |
_aOxford _bRoutledge _c2008 |
||
| 300 | _aeBook | ||
| 350 | _a29.99 | ||
| 505 | 2 | _aList of figures -- List of tables -- Abbreviations -- Setting the scene: post-war development; the growth of property investment; the role of the valuer; the future -- The overall investment market: consumption and savings; the components of a sound investment; the source of investment funds; the range of investment opportunities; fixed interest investments; commercial investments -- The property market: property as an investment; new voluntary code for lease terms; residential property investment; real estate investment trusts (REITs) -- Valuation mathematics: the formulae; contemporary approaches -- The determinants of value: the physical entity; contractual matters, lease terms; interpretation of lease terms; the tenant's 'covenant'; outgoings; yield; service charges; business tenancies; residential tenancies; the planning framework -- The comparative method: the approach to comparison; aspects of value; tenant selection; analysis of transactions; market evidence; application to market sectors; automated valuation | |
| 505 | 2 | _aThe valuation process: the traditional valuation approach; the all-risks yield approach; freehold rack-rented investments; freehold revisionary investments; non-conforming property investments; leasehold interests; contemporary issues; discounted cashflow; competence in valuation -- The residual method, the problem: factors that could affect value; the basic approach; widespread use -- The residual method, the process: value on completion; development costs; land value -- The profits principle: the valuation approach; situations where the principles may be used; limitations; business structures; the use of accounts; the divisible balance; accounting standards; turnover rents -- The profits principle, final accounts: the treatment of assets in the final accounts; performance indicators; numerical examples -- The contractor's test: lack of market evidence; an alternative approach; the test; approach to estimating costs; adjustments to building costs; cost of site; the outcome; judicial guidance -- Application of the contractor's test: examples | |
| 520 | _aThis eBook describes traditional valuation while taking account of recent developments. Examines valuation through the approaches of the comparative, investment, residual, profits and contractors' methods, making use of worked examples and additional commentary where appropriate. Of particular use to students and practitioners. | ||
| 520 | _aSupersedes first edition (ISBN 0203472977). | ||
| 521 | _aAdvanced | ||
| 590 | _aKA | ||
| 650 | 2 | 4 | _aEBOOK |
| 651 | 4 |
_aUnited Kingdom _y |
|
| 690 | _aPROPERTY-PROPERTY APPRAISAL AND VALUATION | ||
| 856 | 4 | 8 |
_uhttps://www.vlebooks.com/ _zView on VLEbooks. Logins for members only from [email protected] |
| 942 | _n0 | ||
| 999 |
_c108776 _d108776 |
||